Statistics for All Yugoslav Countries

Click here to take the quiz!

General Stats

  • This quiz has been taken 19 times
    (17 since last reset)
  • The average score is 7 of 7

Answer Stats

Answer% Correct
Croatia
100%
Slovenia
100%
Bosnia
94%
Montenegro
94%
Serbia
94%
Kosovo
88%
North Macedonia
88%

Score Distribution

Percentile by Number Answered

Percent of People with Each Score

Your Score History

You have not taken this quiz since the last reset